Fiškálna konsolidácia a jej dopad na ekonomické postavenie domácností na Slovensku

Cieľom príspevku je posúdiť mieru rizika príjmovej chudoby slovenských domácností s deťmi a zhodnotiť, ako sa ich príjmová situácia môže zmeniť po zavedení konsolidačného balíčka plánovaného na rok 2026. Proces konsolidácie zahŕňa rôzne prístupy kombinujúce úpravy na príjmovej aj výdavkovej strane r...

Descrizione completa

Salvato in:
Dettagli Bibliografici
Autore principale: Maťašová, Jana, 1999-
Natura: Capitolo di libro
Lingua:slovacco
Soggetti:
Tags: Aggiungi Tag
Nessun Tag, puoi essere il primo ad aggiungerne!!

MARC

LEADER 00000naa a2200000 4500
001 0314311
005 20260122095100.0
041 0 |a slo 
044 |a SK 
245 1 0 |a Fiškálna konsolidácia a jej dopad na ekonomické postavenie domácností na Slovensku  |c Jana Maťašová 
520 |a Cieľom príspevku je posúdiť mieru rizika príjmovej chudoby slovenských domácností s deťmi a zhodnotiť, ako sa ich príjmová situácia môže zmeniť po zavedení konsolidačného balíčka plánovaného na rok 2026. Proces konsolidácie zahŕňa rôzne prístupy kombinujúce úpravy na príjmovej aj výdavkovej strane rozpočtu, pričom ich výsledné nastavenie ovplyvňuje rozsah aj charakter jej dopadov na domácnosti. 
610 2 0 |a príjmy domácností 
610 2 0 |a konsolidácia 
610 2 0 |a výdavky domácností 
610 2 0 |a chudoba 
100 1 |a Maťašová, Jana, 1999-